Small electric motors use,selection,operation,repair,and maintenance / (Record no. 183930)

000 -LEADER
fixed length control field 00928 a2200205 4500
003 - CONTROL NUMBER IDENTIFIER
control field Nust
005 - DATE AND TIME OF LATEST TRANSACTION
control field 20250128114401.0
020 ## - INTERNATIONAL STANDARD BOOK NUMBER
International Standard Book Number 81-265-0437-4
040 ## - CATALOGING SOURCE
Transcribing agency Nust
082 00 - DEWEY DECIMAL CLASSIFICATION NUMBER
Classification number 621.46,MIL
100 1# - MAIN ENTRY--PERSONAL NAME
Personal name Miller, Rex,
9 (RLIN) 41839
245 10 - TITLE STATEMENT
Title Small electric motors use,selection,operation,repair,and maintenance /
Statement of responsibility, etc. Rex Miller, Mark R. Miller.
260 ## - PUBLICATION, DISTRIBUTION, ETC.
Place of publication, distribution, etc. Englewood Cliffs, N.J. :
Name of publisher, distributor, etc. Prentice-Hall,
Date of publication, distribution, etc. c2003.
300 ## - PHYSICAL DESCRIPTION
Extent 436p
Other physical details ill. ;
Dimensions 29 cm.
505 ## - FORMATTED CONTENTS NOTE
Formatted contents note Part 1: Introduction (Page-3), Part 2: Fractional Horsepower Motors (Page-45), Part 3: Maintenance and Repair (Page-153), Part 4: Modification of Motors (Page-299) Part 5: Motor Selection and Replacement (Page-319), Part 6:Electronically Operated Motors (Page-341), Part 7: Motor Terminology (Page-365).
650 #0 - SUBJECT ADDED ENTRY--TOPICAL TERM
Topical term or geographic name entry element Electric controllers.
9 (RLIN) 41202
650 #0 - SUBJECT ADDED ENTRY--TOPICAL TERM
Topical term or geographic name entry element Electric motors
General subdivision Electronic control.
9 (RLIN) 106577
700 1# - ADDED ENTRY--PERSONAL NAME
Personal name Miller, Mark R.
9 (RLIN) 83617
942 ## - ADDED ENTRY ELEMENTS (KOHA)
Source of classification or shelving scheme
Koha item type Book
Holdings
Withdrawn status Lost status Source of classification or shelving scheme Damaged status Not for loan Permanent Location Current Location Shelving location Date acquired Full call number Barcode Date last seen Price effective from Koha item type Public note
          Military College of Signals (MCS) Military College of Signals (MCS) General Stacks 12/12/2016 621.46,MIL MCS30310 12/08/2016 12/12/2016 Book Almirah No.40, Shelf No.6
© 2023 Central Library, National University of Sciences and Technology. All Rights Reserved.